Statistics for Montreal Canadiens Starting Lineup 2016-2017 Season

Click here to take the quiz!

General Stats

  • This quiz has been taken 64 times
  • The average score is 19 of 25

Answer Stats

Position Player Age Hometown % Correct
GoalieCarey Price29Anaheim Lake, British Columbia
100%
DefensemanShea Weber31Sicamous, British Columbia
96%
CenterThomas Plekanec33Kladno, Czechoslovakia
94%
Right WingBrendan Gallagher24Edmonton, Alberta
92%
Left WingMax Pacioretty27New Canaan, Connecticut
89%
DefensemanAndrei Markov37Voskresensk, Soviet Union
89%
CenterAlex Galchenyuk22Milwaukee, Wisconsin
87%
CenterPhillip Danault23Victoriaville, Quebec
83%
Head CoachMichel Therrien52Montreal, Quebec
83%
DefensemanJeff Petry28Ann Arbor, Michigan
83%
DefensemanAlexei Emelin30Togliatti, Soviet Union
83%
GoalieAl Montoya31Chicago, Illinois
79%
CenterDavid Desharnais30Laurier-Station, Quebec
77%
Left WingArtturi Lehkonen21Piikkio, Finland
77%
CenterPaul Byron27Ottawa, Ontario
75%
Right WingAlexander Radulov30Nizhny Tagil, Soviet Union
74%
DefensemanNathan Beaulieu23Strathroy, Ontario
70%
Right WingTorrey Mitchell31Greenfield Park, Quebec
68%
Left WingAndrew Shaw25Belleville, Ontario
66%
DefensemanMikhail Sergachev18Nizhnekamsk, Russia
60%
Right WingBrian Flynn28Lynnfield, Massachusetts
58%
Right WingSven Andrighetto23Sumiswald, Switzerland
55%
Left WingDaniel Carr24Sherwood Park, Alberta
55%
DefensemanGreg Pateryn26Sterling Heights, Michigan
47%
DefensemanZach Redmond28Traverse City, Michigan
38%

Score Distribution

Percentile by Number Answered

Percent of People with Each Score

Your Score History

You have not taken this quiz